|
|
|
|
| LEADER |
00000ny a22000003n 4500 |
| 005 |
20110621145714.0 |
| 008 |
080407s2006 enk b 100 0 eng d |
| 010 |
|
|
|a 2008272974
|
| 020 |
|
|
|a 9780850928440
|
| 035 |
|
|
|a 2033
|
| 040 |
|
|
|a CaAEU
|c CaAEU
|d vLex
|
| 050 |
0 |
0 |
|a K555
|b .M425 2006
|
| 090 |
|
|
|c 974
|d 974
|
| 111 |
2 |
|
|a Meeting of Commonwealth Law Ministers and Senior Officials
|d (2005 :
|c Accra, Ghana)
|
| 245 |
1 |
0 |
|a 2005 Meeting of Commonwealth Law Ministers and Senior Officials
|h [Recurso electrn̤ico]
|b Accra, Ghana, 17-20 October 2005 : memoranda
|
| 256 |
|
|
|a Servicio en ln̕ea
|
| 260 |
|
|
|a London :
|b Commonwealth Secretariat,
|c c2006
|
| 300 |
|
|
|a xxxviii, 498 p. ;
|c 29 cm
|
| 504 |
|
|
|a Bibliografa̕
|
| 506 |
1 |
|
|a Contenido solo disponible en los productos indicados
|d vLex Global
|d vLex Global (Academic Edition, excluding Law Schools)
|d vLex Global (U.S. Academic Edition, Law Schools)
|d vLex Global (U.S. Academic Edition, excluding Law Schools)
|d vLex Global (Academic Edition, Law Schools)
|
| 650 |
0 |
4 |
|a Justicia
|x Administracin̤
|z Pas̕es de la Commonwealth
|
| 710 |
2 |
|
|a Commonwealth Secretariat
|
| 740 |
0 |
|
|a vLex Libros (Servicios en ln̕ea)
|
| 856 |
4 |
0 |
|u http://vlex.com/source/2033
|z Acceso restringido
|
| 942 |
|
|
|c BOOK
|
| 999 |
|
0 |
|a Criminal law
|z Commonwealth countries
|v Congresses.
|
| 999 |
|
0 |
|a Justice, Administration of
|z Commonwealth countries
|v Congresses.
|
| 999 |
|
0 |
|a Law
|z Commonwealth countries
|v Congresses.
|